000
00280nam a22001097a 4500
082
_2
22
_a
005.73
100
_a
Ganesar P Radha.
245
_a
C and Data Structures /
260
_a
Scitech publication,
_b
Scitech publication,
_c
c2003
300
_a
439,;
_b
ill,;
_c
24 cm.
942
_2
ddc
_c
EE
999
_c
445
_d
445